000 00412nam a2200133Ia 4500
008 231129s9999||||xx |||||||||||||| ||spa||
020 _a958-07-0934-3
040 _bspa
082 _a(i) Br869.3 C683m
100 _aColasanti Marina
245 0 _aLa mano en la masa y otros cuentos
264 _aMedellin Colombia : Susaeta Ediciones Edilux Ediciones
942 _2ddc
_cBKS
999 _c17556
_d17556